Loading...
| Literature - World | 0 | 7 | 1 | 2 | 65 | 87 | 123.14 | 4 | 7 | 0.00 | 0.00 |
| History - Other | 0 | 6 | 0 | 2 | 60 | 95 | 111.50 | 3 | 6 | 0.00 | 0.00 |
| Science - Chemistry | 0 | 6 | 2 | 3 | 50 | 83 | 117.67 | 2 | 6 | 0.00 | 0.00 |
| Religion | 0 | 6 | 2 | 3 | 50 | 105 | 116.00 | 2 | 6 | 0.00 | 0.00 |
| History - European | 0 | 4 | 1 | 3 | 35 | 58 | 104.00 | 2 | 4 | 0.00 | 0.00 |
| History - World | 0 | 4 | 2 | 2 | 30 | 56 | 91.75 | 3 | 4 | 0.00 | 0.00 |
| Science - Other | 0 | 4 | 2 | 0 | 30 | 62 | 96.75 | 2 | 4 | 0.00 | 0.00 |
| History - American | 0 | 4 | 3 | 1 | 25 | 50 | 75.75 | 4 | 4 | 0.00 | 0.00 |
| Social Science | 0 | 2 | 0 | 1 | 20 | 72 | 77.50 | 2 | 2 | 0.00 | 0.00 |
| Fine Arts - Painting and Sculpture | 0 | 3 | 2 | 1 | 20 | 83 | 103.33 | 2 | 3 | 0.00 | 0.00 |
| Literature - American | 0 | 2 | 0 | 1 | 20 | 118 | 130.00 | 1 | 2 | 0.00 | 0.00 |
| Literature - British | 0 | 2 | 1 | 1 | 15 | 113 | 123.00 | 1 | 2 | 0.00 | 0.00 |
| Philosophy | 0 | 3 | 3 | 0 | 15 | 56 | 76.67 | 3 | 3 | 0.00 | 0.00 |
| Current Events | 0 | 1 | 0 | 0 | 10 | 93 | 93.00 | 1 | 1 | 0.00 | 0.00 |
| Fine Arts - Other | 0 | 2 | 2 | 0 | 10 | 91 | 99.50 | 2 | 2 | 0.00 | 0.00 |
| Geography | 0 | 1 | 0 | 0 | 10 | 98 | 98.00 | 0 | 1 | 0.00 | 0.00 |
| Pop Culture | 0 | 1 | 0 | 1 | 10 | 138 | 138.00 | 0 | 1 | 0.00 | 0.00 |
| Science - Physics | 0 | 3 | 4 | 1 | 10 | 87 | 102.67 | 1 | 3 | 0.00 | 0.00 |
| Mythology | 0 | 1 | 1 | 0 | 5 | 131 | 131.00 | 0 | 1 | 0.00 | 0.00 |
| Fine Arts - Classical Music | 0 | 1 | 1 | 0 | 5 | 112 | 112.00 | 0 | 1 | 0.00 | 0.00 |
| Other Academic | 0 | 1 | 1 | 0 | 5 | 126 | 126.00 | 1 | 1 | 0.00 | 0.00 |
| Science - Biology | 0 | 0 | 1 | 0 | -5 | 0.00 | 0 | 0 | 0.00 | 0.00 | |
| Literature - European | 0 | 0 | 1 | 0 | -5 | 0.00 | 0 | 0 | 0.00 | 0.00 |